[Event "EU-Cup 23rd"]
[Site "Kemer"]
[Date "2007.10.04"]
[Round "2.5"]
[White "Carlsson, Pontus"]
[Black "Huschenbeth, Niclas"]
[Result "0-1"]
[WhiteElo "2481"]
[BlackElo "2318"]
[Annotator "Huschenbeth,N"]
[PlyCount "112"]
[EventDate "2007.10.03"]
[EventType "team-swiss"]
[EventRounds "7"]
[EventCountry "TUR"]
[SourceTitle "CBM 121"]
[Source "ChessBase"]
[SourceDate "2007.11.14"]
[SourceVersion "1"]
[SourceVersionDate "2007.11.14"]
[SourceQuality "1"]
[WhiteTeam "Sollentuna"]
[BlackTeam "Hamburger SK"]
[WhiteTeamCountry "SWE"]
[BlackTeamCountry "GER"]

1. e4 c5 2. Nf3 d6 3. d4 cxd4 4. Nxd4 Nf6 5. Nc3 Nc6 6. Bg5 Bd7 7. Be2 Qa5 8.
Bxf6 gxf6 9. O-O Nxd4 10. Qxd4 Rc8 11. a4 Qc5 12. Qd2 a6 13. Nd5 $6 (13. Rac1
$14 {[%cal Yc3d5]}) 13... Qxc2 14. Qe3 Bh6 $1 15. Qxh6 (15. f4 Qc5 $17) 15...
Qxe2 16. Qg7 Rf8 17. Nb6 (17. Rac1 $6 Rxc1 18. Rxc1 Bc6 19. Nc7+ Kd7 20. Qxf8
Qxe4 21. Qg7 Kxc7 22. a5 Qg6 23. Qxg6 fxg6 $17) (17. b4 Qg4 18. Qxh7 Qg6 19.
Qh4 Rg8 20. g3 Rc4 $13) 17... Rd8 18. Nxd7 Kxd7 $1 (18... Rxd7 $2 {wird in
Experts vs. Sicilian empfohlen. Das verwundert allerdings nicht, da das Buch
für Weiß geschrieben wurde und Weiß nach Kxd7 kaum Vorteil hat.} 19. Rac1 Rd8
20. Qxh7 $16) 19. Qxh7 Kc7 $146 {Auf b8 wird der König eine sichere Zuflucht
finden.} 20. b4 Kb8 {Soweit war alles vorbereitet.} 21. Rfe1 Qd2 (21... Qg4 $5
22. Qf5 Qxf5 23. exf5 Rfe8 24. h4 e5 25. fxe6 fxe6 {ist auch okay.}) 22. b5 a5
23. b6 Rc8 (23... Rh8 $2 24. Qxf7 Qh6 (24... Rdg8 25. Re3 $1 $16 (25. Qxe7 $2
Rxh2 $1 26. Kxh2 Qxf2 $19)) 25. h3 Rdg8 26. Re3 $18) 24. Qf5 {[%cal Yf5d7]}
Rfd8 (24... Rc2 25. Rf1 Rg8 26. Qd7 Qf4 27. Qxe7 Rxg2+ 28. Kxg2 Qg4+ 29. Kh1
Qf3+ $11) 25. Qh7 $6 {Mein Gegner war hier schon in arger Zeitnot (ca. 8min)
und hoffte vielleicht auf eine Zugwiederholung nach Rf8.} (25. Red1 Qb4 (25...
Qc3 26. h3 $1 Rc5 27. Rac1 Qxc1 28. Rxc1 Rxf5 29. exf5 $16) 26. Rab1 Qc5 27.
Qxc5 Rxc5 $13) 25... Qd4 $1 (25... Rc2 $5 26. Rf1 Qd4 27. Rab1 Qxa4 28. Qh5 {
[%cal Yb1a1]} Rdc8 29. h3 R2c5 30. Qxf7 Qxe4 31. Rfe1 Qf4 32. Qxe7 $13) 26.
Red1 (26. Qxf7 $2 Rc2 {das war die Idee hinter 25...Qd4} 27. Rf1 Rxf2 $1 $17)
26... Qc4 (26... Qxb6 27. Qxf7 Rc2 28. Rf1 Qc7 29. Rab1 $14) 27. h3 $1 {
[%cal Ya1c1]} Rc5 $5 (27... Rh8 $1 28. Qf5 Rc5 29. Qd7 Qe6 30. Qxe6 fxe6 31.
Rac1 Rc6 $1 32. Rxc6 bxc6 33. Rb1 Kb7 $15) 28. Rdc1 (28. Rac1 Qb3 (28... Qxa4
29. Qxf7 Rxc1 30. Rxc1 Qxe4 31. Qa2 Rc8 32. Rxc8+ Kxc8 33. Qxa5 Kd7 34. Qb5+
Kd8 35. h4 Qxh4 36. Qd5 $11) 29. Rb1 (29. Rxc5 Qxd1+ 30. Kh2 dxc5) 29... Qa2
30. Ra1 Qe6 31. Rac1 Rdc8 32. Rxc5 dxc5 $15) 28... Qe6 (28... Qxc1+ 29. Rxc1
Rxc1+ 30. Kh2 $18) 29. Rab1 Rdc8 (29... Re5 $5 30. Rb5 (30. f3 f5 31. Rb5 (31.
exf5 Qf6 32. Rc4 Rxf5) 31... fxe4 32. Rxe5 dxe5 33. fxe4 Qxb6+ $17) 30... Rxe4
31. Kh2 d5 32. Rxa5 f5 33. Rac5 Qe5+ 34. g3 Re2 $15) 30. Rxc5 dxc5 31. Qf5 Qa2
32. e5 Qd5 $1 {Nun ist die Stellung schon sehr schwierig für Weiß.} 33. Qc2 $5
{Praktisch gesehen vielleicht seine beste Chance, in das Endspiel mit Bauern
weniger zu gehen. Das hatte er hier aber noch nicht gesehen denke ich. Er zog
Qc2 mit einer Sekunde auf der Uhr...} (33. Re1 c4 34. Qf4 fxe5 35. Rxe5 Qd6 36.
Qe4 c3 37. Rxe7 Qxb6 $17) 33... Qxe5 34. Rb5 Qe1+ 35. Kh2 c4 36. Qf5 Qe6 ({
nicht} 36... Rc6 37. Qf4+ e5 38. Qh6 {und hier muss Schwarz sogar schon sehr
genau spielen.} Qd1 39. Qh8+ Rc8 40. Qxf6 Qd4 41. Qxe5+ Qxe5+ 42. Rxe5 $14) 37.
Qxe6 fxe6 38. g4 c3 39. Rb1 Rc4 (39... Rc6 {ist nur ein kleiner Trick.} 40. Rc1
(40. h4 $2 Rxb6 $1 41. Rxb6 c2 $19)) (39... e5 $5 40. Rc1 Rc4 41. Kg3 (41. h4
Rxg4 42. Rxc3 Rxh4+ 43. Kg2 Rxa4 44. Rc7 Rb4 45. Rd7 Rxb6) 41... Kc8 42. h4 Kd7
43. h5 Ke6 44. Rc2 e4 45. Kf4 Kf7 46. g5 Kg7 47. g6 e6 48. Rc1 Kh6 $15) 40. Rc1
Kc8 41. Kg3 Kd7 42. f4 $1 (42. h4 Ke8 (42... Kc6 43. h5 Kc5 44. h6 Kb4) 43. h5
Kf7 44. f3 e5 45. Kf2 Kg7 46. Ke3 Kh6 47. Kd3 Rxa4 48. Rxc3 Rb4 49. Rc5 a4 50.
Ra5 e6 51. Ra7 Rxb6 52. Rxa4 f5 $17) 42... Kd6 $5 (42... Ke8 43. Kf3 Kf7 44.
Ke3 Kg6 45. Rc2 Kh6 (45... Rxa4 46. Rxc3 Rb4 47. Rc5 Rxb6 48. Rxa5) 46. Rc1 f5
47. Rc2 Kg6 48. Kf3 Rxa4 49. Rxc3 Rb4 50. Rc5 Rb3+ 51. Kg2 a4 52. Ra5 a3 $15 {
wäre auf jedenfall die sichere Variante gewesen.}) 43. Rd1+ (43. g5 $5 e5 (
43... fxg5 $2 44. Rd1+ (44. fxg5 Ke5) 44... Kc5 45. fxg5 c2 46. Rc1 Kb4 47. g6
Kc3 48. h4 Kb2 49. Rxc2+ Kxc2 50. g7 Rc8 51. h5 $18) 44. fxe5+ Kxe5 45. g6 Rc8
46. Kf2 Ke6 47. Re1+ Kf5 48. g7 c2 49. Rc1 Kg6 50. g8=Q+ Rxg8 51. Rxc2 e5 $15)
43... Kc5 44. g5 {und ab hier wird Karsten Müller dieses sehr komplizierte
Endspiel in seiner Rubrik weiter analysieren. Deshalb werde ich nur noch kurze
Anmerkungen machen.} e5 $6 (44... c2 45. Rc1 Kb4 46. g6 Kb3 $19) 45. g6 {(=)}
exf4+ 46. Kf3 Kb4 $2 (46... c2 $1 47. Rc1 e5 48. h4 (48. Ke2 Rc3 49. h4 Kd4 50.
g7 Rg3 51. Rxc2 Rxg7 52. Rc7 Rg2+ 53. Kf3 Rg3+ 54. Kf2 e4 $19) (48. g7 Rc3+ 49.
Ke4 Rg3 50. Rxc2+ Kxb6 $19) 48... Rc3+ 49. Ke2 Kd4 $19) 47. h4 Rc8 (47... c2
48. Rc1 Kb3 49. h5 Rc3+ 50. Kxf4 Rc4+ (50... e5+ $2 51. Kf5 Rf3+ 52. Ke6 Rg3
53. Kxf6 $18) 51. Kf3 Rc3+ 52. Kf2 Kb2 53. Rxc2+ Rxc2+ 54. Kf3 Rc3+ 55. Kf2 $11
) 48. h5 Rg8 (48... c2 $2 49. Rc1 Rc3+ 50. Kxf4 Rc4+ 51. Ke3 Rg4 52. Rxc2 $18)
49. Kxf4 e6 $1 {Nötig, damit der König seine Bauern nicht unterstützen kann.}
50. Ke4 $2 (50. Rd7 $1 c2 51. Rc7 Kb3 52. Ke3 Kb2 53. Kd2 Rd8+ 54. Ke3 Rg8 $11)
50... c2 51. Rh1 Rh8 $3 {Der einzige Gewinnzug!} 52. g7 $2 (52. Rc1 Rxh5 53.
Rxc2 Rg5 54. Rc7 Rg4+ 55. Kf3 Rxg6 56. Rxb7 f5 $17) 52... Rxh5 53. g8=Q $4 (53.
Rxh5 c1=Q 54. g8=Q Qe1+ 55. Kf3 (55. Kf4 Qf2+ 56. Ke4 (56. Kg4 Qg2+) 56... Qe2+
) 55... Qd1+ 56. Kf2 Qxh5 57. Qxe6 Qc5+ 58. Kg2 f5 $19) (53. Rc1 Rg5 54. Rxc2
Rxg7 55. Rc7 Rg4+ 56. Kf3 Rd4 57. Rxb7 Rd6 $19) 53... Rxh1 54. Qf8+ Kb3 55.
Qxf6 c1=Q 56. Qf3+ Qc3 0-1

[Event "RUS-ch"]
[Site "Elista"]
[Date "1996.??.??"]
[Round "2"]
[White "Lugovoi, Aleksei"]
[Black "Sakaev, Konstantin"]
[Result "1/2-1/2"]
[WhiteElo "2500"]
[BlackElo "2600"]
[Annotator "King,D"]
[PlyCount "32"]
[EventDate "1996.10.15"]
[EventType "swiss"]
[EventRounds "11"]
[EventCountry "RUS"]
[SourceTitle "CBM 056"]
[Source "ChessBase"]
[SourceDate "1997.02.01"]
[SourceVersion "1"]
[SourceVersionDate "1997.02.01"]
[SourceQuality "1"]

1. e4 c5 2. Nf3 d6 3. d4 cxd4 4. Nxd4 Nf6 5. Nc3 Nc6 6. Bg5 a6 7. Qd2 Qb6 8.
Nb3 e6 9. Bxf6 gxf6 10. O-O-O Qc7 11. f4 b5 12. Kb1 {In the previous game
Black kept a brake on his kingside play, thus retaining the option of castling,
which he eventually used. Here Sakaev goes in for a spot of boat burning ...}
h5 13. Bd3 Bd7 14. Rhe1 Rg8 15. Bf1 b4 16. Ne2 a5 {... but remembers just in
time that he can still offer a draw.} 1/2-1/2

[Event "Ciocaltea Memorial"]
[Site "Bucharest"]
[Date "1998.??.??"]
[Round "1"]
[White "Nisipeanu, Liviu Dieter"]
[Black "Kiselev, Sergey"]
[Result "1-0"]
[WhiteElo "2610"]
[BlackElo "2510"]
[Annotator "Marin,M"]
[PlyCount "77"]
[EventDate "1998.02.??"]
[EventType "tourn"]
[EventRounds "13"]
[EventCountry "ROU"]
[EventCategory "11"]
[SourceTitle "CBM 064"]
[Source "ChessBase"]
[SourceDate "1998.06.02"]
[SourceVersion "1"]
[SourceVersionDate "1998.06.02"]
[SourceQuality "1"]

1. e4 {Gofshtein,L} c5 2. Nf3 d6 3. d4 cxd4 4. Nxd4 Nf6 5. Nc3 Nc6 6. Bg5 Qb6
7. Nb3 (7. Be3 {Gofshtein,L} a6 $5 (7... Nxd4 $6 8. Bxd4 Qa5 9. Bb5+ Bd7 10.
Bxd7+ Nxd7 11. O-O $16 {Balashov-Hartmann,Hannover 1983})) (7. Ndb5 {Gofshtein,
L} a6 8. Bxf6 gxf6 (8... axb5 $2 9. Nd5 Qa5+ 10. b4 Qd8 11. Bg5 $16) 9. Nd5
Qa5+ 10. Nbc3 (10. b4 Nxb4 11. Nbc7+ Kd8 12. Nxa8 Nxd5+ 13. Qd2 Nc3 $17 {
Anikaev}) 10... f5 11. Qh5 Bg7 12. O-O-O (12. Bc4 Be6 13. O-O Bxc3 14. bxc3 $13
) 12... fxe4 13. Bc4 Bxc3 14. bxc3 Be6 15. Rhe1 Qa3+ 16. Kb1 O-O 17. Rxe4 $14 {
Tseskovskij-Anikaev,Sochi 1974}) 7... e6 8. Be2 (8. g4 {Gofshtein,L} Qc7 9. Be3
h6 $5 (9... a6 10. g5 Nd7 11. f4 b5 12. a3 Bb7 13. Qd2 Nb6 14. O-O-O Nc4 $13 {
Vasjukov-Gulko 1974 USSR}) 10. Rg1 a6 11. h4 h5 $1 $13 {Bojkovich-Ermenkov,
Novi Sad 1976}) (8. Bxf6 {Gofshtein,L} gxf6 9. Qh5 (9. Be2 a6 10. Bh5 Bd7 11.
O-O Rg8 12. Kh1 Rg7 13. f4 O-O-O 14. a4 {Savon-Podgaec USSR 1976}) 9... Bd7 10.
Be2 Be7 (10... Rg8) 11. O-O Nd4 12. Bd3 a6 13. Kh1 Nxb3 14. axb3 Qc5 $1 15. Qe2
h5 16. Bb5 Bxb5 17. Nxb5 Rc8 18. Nc3 $13 {Bezgodov-Tsejtlin 1996,Budapest}) (8.
Qd2 {Gofshtein,L} Be7 9. h4 a6 10. h5 h6 11. Bxf6 gxf6 12. O-O-O Bd7 13. Rh3
O-O-O 14. Kb1 Kb8 15. Rd3 $36 {Garsia Martinez-Smuslov,Sochi1974}) 8... Be7 (
8... a6 {Gofshtein,L} 9. O-O Bd7 10. Kh1 Qc7 11. Bxf6 gxf6 12. f4 Rg8 13. Bh5
Rg7 14. Qe1 O-O-O 15. Rf3 Kb8 16. Rg3 Bc8 17. Rd1 $14 {Holmov-Gulko Minsk 1985}
) 9. O-O O-O 10. a4 (10. Bxf6 {Gofshtein,L} gxf6 11. Kh1 Kh8 12. f4 Rg8 13. Qe1
Bd7 14. Rf3 Rg7 15. Rh3 Rag8 $132 {Ivanchuk-Smirin,Paris 1994}) (10. Kh1 {
Gofshtein,L} Qc7 11. f4 a6 12. Bd3 h6 13. Bh4 Nxe4 14. Nxe4 Bxh4 15. Nxd6 $13 {
Saulin-Belikov,1996 Moskow}) 10... Rd8 {with idea d6-d5} (10... Bd7 {Gofshtein,
L} 11. Kh1 Qc7 12. f4 a6 13. a5 Rfd8 14. Qe1 Be8 15. Bf3 Nd7 16. Bxe7 Nxe7 $13
{Kiselev-Petrienko 1989,Podolsk}) 11. Be3 (11. a5 {Gofshtein,L} Qc7 12. f4 d5
13. e5 Ne4 $132) 11... Qc7 12. f4 d5 13. e5 Ne4 (13... Nd7 {Gofshtein,L} 14.
Bd3 $36) 14. Bd3 (14. Nxe4 $6 {Gofshtein,L} dxe4 $132) 14... Nxc3 (14... Nb4 {
Gofshtein,L} 15. Nb5 $14) 15. bxc3 Bd7 16. Kh1 Rac8 (16... Na5 $5 $132 {
Gofshtein,L}) 17. a5 b6 (17... Be8 {Gofshtein,L} 18. Qg4 $16) (17... f6 {
Gofshtein,L} 18. Qh5 $16) 18. axb6 axb6 19. Ra6 (19. Nd4 $5 $14 {Gofshtein,L})
19... Rb8 20. Qf3 (20. Nd4 $5 {Gofshtein,L}) 20... Rb7 (20... Na5 $5 $132 {
Gofshtein,L} 21. Bxb6 $2 Rxb6 22. Rxa5 Rxb3 $19) 21. Qf2 Rdb8 22. Nd4 Nd8 (
22... Na5 $6 {Gofshtein,L} 23. f5 $40) (22... Nxd4 {Gofshtein,L} 23. cxd4 $14)
23. f5 $5 $40 {With only five minutes left to reach the control, Nisipeanu
decides to open the play. His intuition will prove to be right.} exf5 24. Bxf5
(24. Nxf5) (24. Nxf5 $5 $40 {Gofshtein,L}) 24... Qxc3 25. Bxd7 (25. Bd3 $142 {
Gofshtein,L}) 25... Rxd7 26. Nf5 Bc5 27. Bxc5 Qxc5 (27... bxc5 {(><g3)} 28. Rd6
$5 (28. Qf4 Qc4) 28... Rxd6 (28... Ra7 29. Nxg7 Kxg7 30. Qf6+ Kg8 31. Rxd8+) (
28... Rbb7 29. e6 $1 (29. Qf4 {Gofshtein,L} Qc4 $1) 29... Rxd6 (29... Nxe6 30.
Rxe6 fxe6 31. Nh6+ $18)) 29. exd6 $44) 28. Qg3 $138 Ne6 {[#]} (28... Qf8 29. e6
$1 Nxe6 30. Nh6+ Kh8 31. Nxf7+ Rxf7 32. Rxf7 $18) 29. Ra3 {With almost no time
left, white misses a winning combination, but his position is strong enough
anyway to avoid the danger of losing.} (29. Nxg7 $3 Nxg7 (29... Kh8 {Gofshtein,
L} 30. Nf5 $40) 30. e6 Rdb7 (30... Rdd8 31. Rxf7 Qd4 32. h3 Ra8 (32... Kh8 33.
c3 Qd1+ 34. Kh2 Rg8 35. Raa7) (32... Rf8 33. c3 Qd1+ 34. Kh2 $18) 33. c3 $18) (
30... Rd6 31. Rxf7 Qd4 32. h3 Rxe6 33. Raa7 $18) (30... Rc7 31. Rxf7 Qd4 32. h3
$18) 31. Rxf7 Qd4 32. h3 h5 (32... Rf8 33. Rxf8+ (33. Rxb7 $4 Rf1+) 33... Kxf8
34. Qd6+ Re7 35. Ra8+ Ne8 36. Rxe8+ $18) (32... Kh8 33. Ra7 $18) 33. Ra7 $18)
29... Rf8 30. Raf3 Qxc2 31. Qg4 (31. Nh6+ Kh8 32. Nxf7+ Rdxf7 33. Rxf7 Rxf7 $19
) 31... Qc6 (31... Qe4 {Gofshtein,L} 32. Nh6+ Kh8 33. Qxe6 $18) 32. h3 (32.
Nxg7 $2 {Gofshtein,L} Nxg7 33. Rg3 f5 34. exf6 Rxf6 $19) (32. Nh6+ $2 {
Gofshtein,L} Kh8 33. Nxf7+ Rdxf7 34. Rxf7 Rxf7 35. Rxf7 Qc1+ $19) 32... Kh8 33.
Nd6 Nd8 (33... Kg8 $4 {Gofshtein,L} 34. Qxe6 $18) 34. Rg3 g6 (34... Rg8 {
Gofshtein,L} 35. Qf5 $40) 35. Qh4 $44 f5 $4 {With plenty of time left Kiselev
becomes nervous realizing, that his extra-pawns are not so important for the
moment.} (35... Ne6 $2 36. Qf6+ Kg8 37. Nf5 $18) (35... Kg8 36. Qf6 d4 (36...
b5 37. Rc3 $5 Qxc3 38. Nf5 gxf5 39. Qg5+ $11) 37. Rd3 Ne6 38. Nf5) (35... Rxd6
36. Qe7 Re8 37. Qxd6 Qxd6 38. exd6 Re6 $11) 36. Rxg6 Qc3 37. Qh6 Rg8 38. Rxg8+
Kxg8 39. Qg5+ 1-0

[Event "Metz op 31th"]
[Site "Metz"]
[Date "2013.07.25"]
[Round "8"]
[White "Vishnu, Prasanna V"]
[Black "Lagarde, Maxime"]
[Result "1/2-1/2"]
[WhiteElo "2470"]
[BlackElo "2532"]
[Annotator "Metz Alekhine/Primel,D"]
[PlyCount "65"]
[EventDate "2013.04.20"]
[EventType "swiss"]
[EventRounds "9"]
[EventCountry "FRA"]
[SourceTitle "EXT 2016"]
[Source "ChessBase"]
[SourceDate "2015.10.08"]
[SourceVersion "1"]
[SourceVersionDate "2015.10.08"]
[SourceQuality "1"]
[TimeControl "40/5400:1800+30"]
[WhiteClock "1:30:00"]
[BlackClock "1:30:00"]

1. e4 c5 2. Nf3 d6 3. d4 cxd4 4. Nxd4 Nf6 5. Nc3 Nc6 6. Bg5 e6 7. Qd2 {90} Qb6
{91} 8. Nb3 Be7 9. Bd3 (9. O-O-O {La grande ligne} O-O 10. f3 a6 11. g4 Rd8 12.
h4 {Jobava,B (2658)-Magalashvili,D (2462) Baku President's Cup 3rd 2008 (5) 1-0
}) 9... a6 10. O-O {89} O-O 11. Rae1 $1 {[%cal Ge1e3,Ge3h3,Ge3g3] Un plan
agressif d'attaque à l'aile-roi} Qc7 12. Re3 b5 13. Rg3 b4 $146 (13... Ne5 14.
f4 Nxd3 15. cxd3 Nh5 16. Rh3 Nf6 17. Qe2 e5 18. Rg3 Kh8 19. fxe5 dxe5 20. Rxf6
Bxf6 21. Nd5 Qd8 22. Bxf6 gxf6 23. Qh5 Rg8 24. Qxf7 Qf8 25. Rxg8+ Qxg8 26.
Qxf6+ Qg7 27. Qd8+ Qg8 28. Qe7 Bg4 29. Nf6 Qg6 30. Qxe5 Bd1 31. Nh5+ {1-0 (31)
Hou,Y (2617)-Yu,Y (2675) Xinghua 2013}) 14. Nd1 {81} d5 {Après une longue
réflexion de 30 mns, le français décide de réagir au centre} (14... a5 {
[%cal Ga5a4]}) 15. Bh6 g6 16. Bxf8 Bxf8 $44 17. exd5 {[%emt 0:00:35]} exd5 {
[%emt 0:00:33]} 18. Qg5 Bg7 19. Re1 {[%emt 0:00:31]} (19. Ne3 Be6 (19... a5 20.
Nf5) 20. Nf5 $36) 19... a5 {[%emt 0:00:26]} 20. Rf3 {[%emt 0:00:22]} h6 $1 {
26  Force l'échange des Q qui va simplifier la défense des Noirs} 21. Qf4
Qxf4 22. Rxf4 g5 23. Rxf6 $5 Bxf6 24. Re8+ Kg7 25. Ne3 $44 {[%cal Ge3d5,Ge3f5]}
(25. Nc5 $5 Bb7 26. Re1 {[%csl Rb7]}) 25... Ne7 (25... Ne5 26. Nf5+) 26. Nf5+
Nxf5 27. Bxf5 Bb7 28. Rxa8 Bxa8 29. Nxa5 Bxb2 30. Bd7 Kf6 31. Kf1 Bd4 32. Ke2
Bb6 33. Bc6 1/2-1/2

[Event "Zuerich op 26th"]
[Site "Zuerich"]
[Date "2002.12.29"]
[Round "5"]
[White "Jenni, Florian"]
[Black "Pelletier, Yannick"]
[Result "0-1"]
[WhiteElo "2485"]
[BlackElo "2587"]
[Annotator "Pelletier,Y"]
[PlyCount "62"]
[EventDate "2002.12.26"]
[EventType "swiss"]
[EventRounds "7"]
[EventCountry "SUI"]
[SourceTitle "CBM 091 Extra"]
[Source "ChessBase"]
[SourceDate "2003.01.09"]
[SourceVersion "1"]
[SourceVersionDate "2003.01.09"]
[SourceQuality "1"]

1. e4 c5 2. Nf3 d6 3. d4 cxd4 4. Nxd4 Nf6 5. Nc3 Nc6 6. Bg5 Qb6 7. Nb3 e6 8.
Bf4 $1 {Gegen die Variante 6...Qb6 erweist sich dieser Zug als sehr gefährlich.
} Ne5 9. Qe2 $6 ({Aber dies ist unnütz, da der Ne5 kaum nach c4 gehen wird.
Die schwarze Stellung ist nach} 9. Be3 Qc7 10. f4 Nc6 (10... Nc4 11. Nb5 Qc6
12. Bxc4 Qxc4 13. Qd3 {sieht nicht sehr gut aus}) 11. g4 a6 12. g5 Nd7 13. Qd2
({oder} 13. Qf3 {nicht besonders vertrauenserweckend.})) 9... a6 10. Be3 Qc7
11. f4 Nc6 12. g4 b5 13. Bg2 $6 ({Danach steht Schwarz wieder befriedigend.
Weiss sollte direkter mittels} 13. g5 {vorgehen, auch wenn die Lage infolge von
} Nd7 (13... b4 $6 14. Nd5 $1) 14. h4 g6 15. h5 Rg8 (15... Bg7 16. Qd2 $1) 16.
hxg6 (16. h6 b4 {/\ Bb7, e5}) 16... hxg6 17. O-O-O Bb7 {mir nicht ganz klar
erscheint, z.B:} 18. Rh7 Be7 {gefolgt von Nf8 und 0-0-0.}) 13... Bb7 14. g5 Nd7
15. h4 g6 $1 ({Ein guter Verteidigungszug. Schwarz darf nämlich nicht einfach
zuschauen, wie sein Gegner den typischen Vorstoss g5-g6 vorbereitet. Die
Alternative} 15... Nb6 {sieht auch logisch aus, aber es gestattet} 16. a4 $1 b4
17. a5 Nxa5 18. Nxa5 bxc3 19. Nxb7 cxb2 (19... Qxb7 20. bxc3 Qc7 21. Rxa6 Rxa6
22. Qxa6 Qxc3+ 23. Bd2 Qb2 24. Ke2 $16) 20. Rb1 {, was für Weiss günstig
aussieht.}) 16. Nd4 $6 ({Florian Jenni bereitet das typische sizilianische
Opfer Nd5. Obwohl es interessant ist, sieht es gleichzeitig etwas optimistisch
aus.} 16. O-O-O O-O-O $13 {und}) (16. h5 Bg7 (16... Rg8 17. hxg6 hxg6 18. O-O-O
O-O-O $13) 17. Qd2 (17. h6 Bxc3+ 18. bxc3 Nb6 {/\ e5}) 17... Nb6 18. h6 Bf8 $13
{stellen plausiblere Fortsetzungen dar.}) 16... b4 ({Auch möglich war} 16...
Bg7 17. O-O-O Nxd4 18. Bxd4 e5 19. fxe5 Nxe5 20. h5 O-O {, aber ich glaubte an
das Opfer nicht.}) 17. Nd5 (17. Nd1 Bg7 {war nicht im Sinne von Weiss, obwohl
die Lage bei weitem nicht geklärt ist.}) 17... exd5 18. exd5 $6 ({Zugegeben,
ich hörte die Rechenarbeit nach} 18. Nxc6 Bxc6 19. Bd4 Bb5 {auf, weil ich sah,
dass ich Materialvorteil behalte. Aber nur so konnte Weiss eigentlich
ernsthaft auf Angriff spielen. Nach} 20. Qe3 Rg8 21. exd5+ {soll Schwarz} Be7 {
spielen} ({, da} 21... Kd8 {das starke} 22. a4 $1 {[%csl Ga1]} bxa3 23. Rxa3 {
erlaubt. Nach} Qxc2 24. Rc3 Qxg2 {führt} 25. Bb6+ {bereits zum Dauerschach:}
Nxb6 26. Qxb6+ Ke8 27. Re3+ Be7 28. Qb7 Qxh1+ 29. Kd2 {usw.}) {Nach} 22. O-O-O
(22. a4 bxa3 23. Rxa3 Qxc2 $17) 22... Rc8 23. Rd2 Kd8 {sollte sich Schwarz
erfolgreich abwehren können, aber ich stelle mir vor, dass die Verteidigung
noch nicht trivial ist.}) 18... Ne7 19. Nc6 Nb6 20. O-O-O ({Relativ besser war
} 20. Bd4 Rg8 21. Nxb4 {, obwohl dann Schwarz über die taktische Ressource}
Nbxd5 $1 {verfügt, z.B:} 22. Bxd5 (22. Nxd5 Bxd5 23. Bxd5 Qa5+) 22... Qa5 {
[%cal Ga5b4,Gb4b7]} 23. O-O-O Bxd5 24. Nxd5 Qxd5 25. Kb1 Qb5 $1 26. Rd3 Kd7 $17
) 20... Nbxd5 21. Bxd5 (21. Nxe7 Nxe7 22. Bxb7 Qxb7 23. Bd4 Rg8 {ändert kaum
was.}) 21... Bxc6 22. Bxc6+ Qxc6 23. Bd4 Rg8 24. Bf6 Kd7 $1 $19 {Dank dieser
Verteidigung gewinnt Schwarz nun leicht.} 25. Qd3 Rc8 26. Rh2 Nf5 27. Qb3 Qc4
28. Qa4+ Rc6 29. Rhd2 Bg7 30. Be5 Bxe5 31. fxe5 Re8 0-1